000 00535nam a2200205Ia 4500
003 OSt
005 20221002054719.0
006 a|||||r|||| 00| 0
007 ta
008 220930b |||||||| |||| 00| 0 eng d
024 _a70134
037 _cReference Collections
040 _aCRL
_cCRL
_beng
041 _2eng
_aeng
082 _aAxN5, M6.2
245 0 _aProfiles in scientific research contributions of the fellows
260 _c1986
942 _hAxN5, M6.2
_cref
_2CC
999 _c925659
_d925659